00441nam a22001217a 4500003000200000005001700002008004100019050002200060245008900082260008500171300002500256500003800281020221115093725.0221115b xxu||||| |||| 00| 0 eng d aHD 28b.Sa26 2019 aPoint of sale and inventory system for mardi grub frozen cheesecakecJakie V. Santos aLas Pinas City, PhilippinesbSouthville International School and CollegescC2019 a81pp.c28cm.fTheses aPoint of sale & inventory system.